[Event "Lublin Gerlecka Memorial 4th"]
[Site "Lublin"]
[Date "2014.08.02"]
[Round "8"]
[White "Lipski, Tadeusz"]
[Black "Bien, Janusz"]
[Result "1-0"]
[WhiteElo "1986"]
[BlackElo "1961"]
[PlyCount "105"]
[EventDate "2014.07.28"]
[EventType "tourn"]
[EventRounds "9"]
[EventCountry "POL"]
[SourceTitle "CBM 161 Extra"]
[Source "ChessBase"]
[SourceDate "2014.08.29"]
[SourceVersion "1"]
[SourceVersionDate "2014.08.29"]
[SourceQuality "1"]

1. e4 e6 2. d4 d5 3. Nc3 dxe4 4. Nxe4 Nd7 5. Nf3 Ngf6 6. Bg5 Be7 7. Nxf6+ Nxf6 8. Bd3 c5 9. dxc5 Qa5+ 10. c3 Qxc5 11. Qe2 0-0 12. 0-0 Qc7 13. Rad1 Rd8 14. Ne5 Rb8 15. Bb1 Nd5 16. Bxe7 Qxe7 17. Qd3 f5 18. c4 Qc7 19. Rfe1 b6 20. cxd5 Rxd5 21. Qg3 Bb7 22. Rc1 Qd8 23. Nd3 Rd6 24. Nf4 Rc8 25. Rxc8 Bxc8 26. a3 Rd1 27. Qe3 Qd4 28. Nd3 Qxe3 29. fxe3 Rd2 30. Rc1 Bb7 31. Nf2 Rxb2 32. Bd3 Ra2 33. Bc4 Rxa3 34. Bxe6+ Kf8 35. Nd1 g6 36. Rc7 Be4 37. Nc3 Ra1+ 38. Kf2 Rc1 39. Rc8+ Kg7 40. Nxe4 Rxc8 41. Bxc8 fxe4 42. Bb7 Kf6 43. Bxe4 b5 44. Ke2 Ke5 45. Bc6 a6 46. Kd3 Kd6 47. Bb7 a5 48. Kd4 a4 49. e4 b4 50. e5+ Ke6 51. Bc6 a3 52. Bd5+ Ke7 53. Kc5 1-0

[Event "Lublin Chmielewski Memorial"]
[Site "Lublin"]
[Date "2013.12.29"]
[Round "4"]
[White "Czerw, Dawid"]
[Black "Bien, Janusz"]
[Result "1/2-1/2"]
[WhiteElo "1985"]
[BlackElo "1999"]
[PlyCount "89"]
[EventDate "2013.12.27"]
[EventType "swiss"]
[EventRounds "7"]
[EventCountry "POL"]
[SourceTitle "CBM 158 Extra"]
[Source "ChessBase"]
[SourceDate "2014.02.28"]
[SourceVersion "1"]
[SourceVersionDate "2014.02.28"]
[SourceQuality "1"]

1. d4 d5 2. c4 e6 3. Nc3 Nf6 4. cxd5 exd5 5. Bg5 Be7 6. e3 0-0 7. Bd3 Nbd7 8. Nge2 h6 9. Bh4 c6 10. Qc2 Re8 11. Bg3 Nh5 12. 0-0 Nxg3 13. Nxg3 Nf6 14. Rab1 Be6 15. Na4 Nd7 16. b4 b5 17. Nc5 Nxc5 18. bxc5 a5 19. f4 Bh4 20. f5 Bc8 21. Rf3 Ra7 22. Nf1 Rae7 23. g3 Bg5 24. Qf2 Ra7 25. h4 Bf6 26. Nh2 b4 27. Ng4 Ba6 28. Bxa6 Rxa6 29. Qe2 Ra7 30. Qd3 Qc8 31. Rff1 Qa6 32. Qxa6 Rxa6 33. Nxf6+ gxf6 34. Kf2 Ra7 35. Rfd1 Rb7 36. Rd2 Kf8 37. Rdb2 Rb5 38. Kf3 Ke7 39. a4 Rbb8 40. Rb3 Kd7 41. Rg1 Re4 42. Rg2 Rg8 43. Kf2 Reg4 44. Rg1 Kc7 45. Rg2 1/2-1/2

[Event "Lublin Chmielewski Memorial"]
[Site "Lublin"]
[Date "2013.12.27"]
[Round "1"]
[White "Bien, Janusz"]
[Black "Chlewinski, Artur"]
[Result "0-1"]
[WhiteElo "1999"]
[BlackElo "1666"]
[PlyCount "60"]
[EventDate "2013.12.27"]
[EventType "swiss"]
[EventRounds "7"]
[EventCountry "POL"]
[SourceTitle "CBM 158 Extra"]
[Source "ChessBase"]
[SourceDate "2014.02.28"]
[SourceVersion "1"]
[SourceVersionDate "2014.02.28"]
[SourceQuality "1"]

1. e4 c5 2. d4 cxd4 3. c3 dxc3 4. Nxc3 Nc6 5. Nf3 g6 6. Bc4 Bg7 7. 0-0 Nf6 8. Bf4 d6 9. h3 0-0 10. Qd2 a6 11. a4 Na5 12. Ba2 b5 13. Qe2 b4 14. Nd5 b3 15. Nxf6+ Bxf6 16. Bb1 Be6 17. Bd3 Rc8 18. Rfc1 Rxc1+ 19. Bxc1 Qc7 20. Bxa6 Bc4 21. Bxc4 Qxc4 22. Qe1 Nc6 23. Qd1 Rb8 24. Nd2 Qc2 25. Qxc2 bxc2 26. Kf1 Bxb2 27. Bxb2 Rxb2 28. Ke2 Nb4 29. a5 Na2 30. Kd3 c1Q 0-1

[Event "Lublin Gerlecka Memorial 3rd"]
[Site "Lublin"]
[Date "2013.08.??"]
[Round "1.5"]
[White "Bien, Janusz"]
[Black "Chlewinski, Artur"]
[Result "1-0"]
[WhiteElo "2015"]
[BlackElo "1676"]
[PlyCount "29"]
[EventDate "2013.08.06"]
[EventType "swiss"]
[EventRounds "9"]
[EventCountry "POL"]
[SourceTitle "EXT 2023"]
[Source "ChessBase"]
[SourceDate "2022.10.05"]
[SourceVersion "1"]
[SourceVersionDate "2022.10.05"]
[SourceQuality "1"]

1. e4 c5 2. d4 cxd4 3. c3 dxc3 4. Nxc3 Nc6 5. Nf3 d6 6. Bc4 e6 7. 0-0 Be7 8. Qe2 Bf6 9. Rd1 Bxc3 10. bxc3 Nge7 11. Bf4 0-0 12. Bxd6 Qa5 13. Nd4 Rd8 14. Nb3 Rxd6 15. Nxa5 1-0

[Event "Lublin Gerlecka Memorial 3rd"]
[Site "Lublin"]
[Date "2013.08.??"]
[Round "7.6"]
[White "Topolan, Pawel"]
[Black "Bien, Janusz"]
[Result "0-1"]
[WhiteElo "1419"]
[BlackElo "2015"]
[PlyCount "48"]
[EventDate "2013.08.06"]
[EventType "swiss"]
[EventRounds "9"]
[EventCountry "POL"]
[SourceTitle "EXT 2023"]
[Source "ChessBase"]
[SourceDate "2022.10.05"]
[SourceVersion "1"]
[SourceVersionDate "2022.10.05"]
[SourceQuality "1"]

1. d4 d6 2. e4 Nf6 3. Nc3 g6 4. f4 Bg7 5. Nf3 0-0 6. Bd3 c5 7. d5 Qb6 8. a4 a5 9. Nb5 e6 10. c4 exd5 11. cxd5 Re8 12. Nc3 Nxe4 13. Bxe4 Bxc3+ 14. bxc3 Rxe4+ 15. Kf2 Bg4 16. Kg3 f5 17. Qd3 Bxf3 18. Qxf3 Nd7 19. Bd2 Rae8 20. Rhe1 Nf6 21. Kh3 Qb2 22. Rad1 Qc2 23. Rxe4 fxe4 24. Qf1 e3 0-1

[Event "Lublin Zukertort Memorial 5th"]
[Site "Lublin"]
[Date "2013.06.??"]
[Round "4"]
[White "Bien, Janusz"]
[Black "Berlin, Tatiana"]
[Result "1/2-1/2"]
[WhiteElo "1972"]
[BlackElo "2152"]
[PlyCount "102"]
[EventDate "2013.06.24"]
[EventType "swiss"]
[EventRounds "9"]
[EventCountry "POL"]
[SourceTitle "EXT 2014"]
[Source "ChessBase"]
[SourceDate "2013.11.20"]
[SourceVersion "1"]
[SourceVersionDate "2013.11.20"]
[SourceQuality "1"]

1. e4 e5 2. Bc4 Nf6 3. d3 Bc5 4. Nf3 d6 5. c3 0-0 6. h3 Be6 7. Nbd2 d5 8. exd5 Bxd5 9. 0-0 Nc6 10. b4 Bd6 11. Re1 a6 12. Qb3 Bxc4 13. Nxc4 Nd7 14. Bg5 Qb8 15. Rad1 b5 16. Nxd6 cxd6 17. d4 Nb6 18. dxe5 dxe5 19. Be3 Nc4 20. Nd2 Nxe3 21. Rxe3 Rd8 22. Nf3 Qc7 23. Rde1 Re8 24. Nd4 Nxd4 25. cxd4 e4 26. Rxe4 Rxe4 27. Rxe4 Qc1+ 28. Kh2 g6 29. Qf3 Qc7+ 30. g3 Qd6 31. d5 Rc8 32. Qd3 h5 33. h4 Rd8 34. Rd4 Qf6 35. Qd2 Rd6 36. a3 Qe5 37. Kg2 Kg7 38. Rd3 Qe4+ 39. f3 Qc4 40. Kf2 Qc8 41. Qb2+ Kh7 42. Qe5 Qc2+ 43. Qe2 Qc4 44. Qd2 Rd7 45. Rd4 Qb3 46. Rd3 Qc4 47. Ke3 Re7+ 48. Kf2 Rd7 49. d6 Qe6 50. Qf4 Qa2+ 51. Ke3 Qe6+ 1/2-1/2

[Event "Lublin Zukertort Memorial 5th"]
[Site "Lublin"]
[Date "2013.06.??"]
[Round "8"]
[White "Bien, Janusz"]
[Black "Kaluszynski, Andrzej"]
[Result "1-0"]
[WhiteElo "1972"]
[BlackElo "1850"]
[PlyCount "55"]
[EventDate "2013.06.24"]
[EventType "swiss"]
[EventRounds "9"]
[EventCountry "POL"]
[SourceTitle "EXT 2014"]
[Source "ChessBase"]
[SourceDate "2013.11.20"]
[SourceVersion "1"]
[SourceVersionDate "2013.11.20"]
[SourceQuality "1"]

1. e4 e5 2. Bc4 Bc5 3. Nf3 Nc6 4. d3 Nf6 5. 0-0 0-0 6. Bg5 h6 7. Bh4 d6 8. c3 Bb6 9. Nbd2 Be6 10. b4 a6 11. Qb3 Qc8 12. Bxf6 gxf6 13. Nh4 Kh7 14. Kh1 Ne7 15. Rae1 c6 16. Bxe6 Qxe6 17. Nc4 Ba7 18. Qd1 d5 19. Ne3 Rg8 20. Nef5 dxe4 21. Nxe7 Qxe7 22. dxe4 Rad8 23. Qe2 Bb8 24. Nf5 Qe6 25. Rd1 Bc7 26. Rxd8 Bxd8 27. Qd2 Rg6 28. Qxd8 1-0

[Event "Lublin Zukertort Memorial 5th"]
[Site "Lublin"]
[Date "2013.06.??"]
[Round "5"]
[White "Polkowski, Piotr"]
[Black "Bien, Janusz"]
[Result "1-0"]
[WhiteElo "2182"]
[BlackElo "1972"]
[PlyCount "81"]
[EventDate "2013.06.24"]
[EventType "swiss"]
[EventRounds "9"]
[EventCountry "POL"]
[SourceTitle "EXT 2014"]
[Source "ChessBase"]
[SourceDate "2013.11.20"]
[SourceVersion "1"]
[SourceVersionDate "2013.11.20"]
[SourceQuality "1"]

1. d4 d6 2. e4 e5 3. dxe5 dxe5 4. Qxd8+ Kxd8 5. Bc4 f6 6. Nc3 c6 7. Be3 Kc7 8. 0-0-0 Bb4 9. f4 Ne7 10. Nf3 Ng6 11. f5 Nf8 12. a3 Be7 13. g4 Nbd7 14. g5 g6 15. gxf6 Bxf6 16. Ng5 Bxg5 17. Bxg5 b5 18. Ba2 h6 19. Be7 Rh7 20. Bd6+ Kb6 21. Rhg1 g5 22. h4 gxh4 23. Rh1 Bb7 24. Rxh4 h5 25. Rdh1 Rh6 26. Be7 Re8 27. Bg5 Rd6 28. Rxh5 a5 29. Rh6 Rxh6 30. Rxh6 Kc7 31. Bf7 Ra8 32. Be7 Kb8 33. Kd2 Kc7 34. Ke3 Ba6 35. Rxc6+ Kxc6 36. Bd5+ Kc7 37. Bxa8 Nh7 38. Nd5+ Kc8 39. Bc6 Nhf8 40. Bd6 Kd8 41. Bc7+ 1-0

[Event "Lublin Zukertort Memorial 5th"]
[Site "Lublin"]
[Date "2013.06.??"]
[Round "7"]
[White "Stoma, Pawel"]
[Black "Bien, Janusz"]
[Result "1-0"]
[WhiteElo "2311"]
[BlackElo "1972"]
[PlyCount "35"]
[EventDate "2013.06.24"]
[EventType "swiss"]
[EventRounds "9"]
[EventCountry "POL"]
[SourceTitle "EXT 2014"]
[Source "ChessBase"]
[SourceDate "2013.11.20"]
[SourceVersion "1"]
[SourceVersionDate "2013.11.20"]
[SourceQuality "1"]

1. e4 e6 2. d4 d5 3. exd5 exd5 4. Nf3 Nf6 5. Bd3 Bg4 6. 0-0 Be7 7. h3 Bh5 8. Bg5 0-0 9. c3 Nbd7 10. Nbd2 c5 11. Re1 Re8 12. Qc2 Rc8 13. dxc5 Nxc5 14. Bxf6 Bxf6 15. Bxh7+ Kh8 16. Rxe8+ Qxe8 17. Re1 Qa4 18. Qf5 1-0

[Event "Lublin op"]
[Site "Lublin"]
[Date "2011.12.28"]
[Round "3"]
[White "Bien, Janusz"]
[Black "Wesolowska, Katarzyna"]
[Result "1-0"]
[WhiteElo "1977"]
[BlackElo "1724"]
[PlyCount "49"]
[EventDate "2011.12.27"]
[EventType "swiss"]
[EventRounds "7"]
[EventCountry "POL"]
[SourceTitle "CBM 146 Extra"]
[Source "ChessBase"]
[SourceDate "2012.02.29"]
[SourceVersion "1"]
[SourceVersionDate "2012.02.29"]
[SourceQuality "1"]

1. e4 e6 2. d4 d5 3. e5 c5 4. c3 Nc6 5. Nf3 Qb6 6. Bd3 cxd4 7. cxd4 Bd7 8. Nc3 Nxd4 9. Nxd4 Qxd4 10. 0-0 Qxe5 11. Re1 Qd6 12. Nb5 Qb6 13. Be3 Bc5 14. Bxc5 Qxc5 15. Rc1 Qb4 16. Nc7+ Kd8 17. Nxa8 Bc6 18. Qe2 Qd6 19. b4 Qxb4 20. Qe5 Qe7 21. Qb8+ Kd7 22. Bb5 Qd6 23. Qxb7+ Kd8 24. Rxc6 Qd7 25. Qb8+ 1-0

[Event "Lublin Region-ch"]
[Site "Lublin"]
[Date "2008.02.09"]
[Round "2.12"]
[White "Sieklucki, Adam"]
[Black "Bien, Janusz"]
[Result "1/2-1/2"]
[WhiteElo "1792"]
[BlackElo "1999"]
[PlyCount "43"]
[EventDate "2008.02.08"]
[EventType "swiss"]
[EventRounds "9"]
[EventCountry "POL"]
[SourceTitle "EXT 2023"]
[Source "ChessBase"]
[SourceDate "2022.10.05"]
[SourceVersion "1"]
[SourceVersionDate "2022.10.05"]
[SourceQuality "1"]

1. Nf3 f5 2. d4 Nf6 3. Bf4 e6 4. e3 d5 5. Nbd2 Be7 6. h4 0-0 7. Ne5 Ne4 8. Nxe4 fxe4 9. h5 Bg5 10. g3 Nd7 11. Qg4 Nxe5 12. dxe5 h6 13. f3 Qe7 14. 0-0-0 exf3 15. Bd3 c5 16. Rdf1 Bd7 17. Rxf3 c4 18. Bg6 c3 19. Rhf1 cxb2+ 20. Kb1 Qb4 21. R3f2 Rad8 22. Qh3 1/2-1/2

[Event "Lublin Bezirk-ch"]
[Site "Lublin"]
[Date "2007.03.04"]
[Round "9"]
[White "Bien, Janusz"]
[Black "Pawelec, Bartosz"]
[Result "1/2-1/2"]
[WhiteElo "2007"]
[BlackElo "2064"]
[PlyCount "59"]
[EventDate "2007.02.23"]
[EventType "swiss"]
[EventRounds "9"]
[EventCountry "POL"]
[SourceTitle "EXT 2011"]
[Source "ChessBase"]
[SourceDate "2010.11.26"]
[SourceVersion "1"]
[SourceVersionDate "2010.11.26"]
[SourceQuality "1"]

1. e4 c6 2. d4 d5 3. exd5 cxd5 4. Bd3 Nc6 5. c3 Nf6 6. h3 e5 7. dxe5 Nxe5 8. Be2 Bc5 9. Nf3 Ng6 10. 0-0 Ne4 11. Bb5+ Kf8 12. Bd3 Bf5 13. Bxe4 dxe4 14. Nd4 Nh4 15. Be3 Qc8 16. Nxf5 Nxf5 17. Bxc5+ Qxc5 18. Kh2 Qe5+ 19. Kg1 Re8 20. Na3 e3 21. Qe2 Qc5 22. Nc2 g6 23. Nxe3 Nxe3 24. fxe3 Qxe3+ 25. Qxe3 Rxe3 26. Rad1 Re7 27. Rd8+ Kg7 28. Rxh8 Kxh8 29. Kf2 f5 30. Rd1 1/2-1/2

[Event "Lublin Bezirk-ch"]
[Site "Lublin"]
[Date "2007.02.24"]
[Round "2"]
[White "Miroslaw, Michal"]
[Black "Bien, Janusz"]
[Result "1-0"]
[WhiteElo "2249"]
[BlackElo "2007"]
[PlyCount "61"]
[EventDate "2007.02.23"]
[EventType "swiss"]
[EventRounds "9"]
[EventCountry "POL"]
[SourceTitle "EXT 2011"]
[Source "ChessBase"]
[SourceDate "2010.11.26"]
[SourceVersion "1"]
[SourceVersionDate "2010.11.26"]
[SourceQuality "1"]

1. e4 e6 2. d4 d5 3. Nd2 Nf6 4. e5 Nfd7 5. f4 c5 6. c3 Nc6 7. Ndf3 Qb6 8. g3 cxd4 9. cxd4 Bb4+ 10. Kf2 f6 11. Kg2 0-0 12. Bd3 Kh8 13. Ne2 fxe5 14. fxe5 Rxf3 15. Kxf3 Nxd4+ 16. Kg2 Nc6 17. Qc2 h6 18. Rf1 Ndxe5 19. a3 Bd6 20. Bf4 Bd7 21. Qd2 Bf8 22. Bb1 Rc8 23. Bxh6 Ne7 24. Bf4 Nc4 25. Qd3 Nf5 26. g4 Nxb2 27. Qh3+ Nh6 28. Bxh6 gxh6 29. Rxf8+ Kg7 30. Rxc8 Bxc8 31. Qc3+ 1-0